Modi From Vision to Reality/ (Record no. 38730)

MARC details
000 -LEADER
fixed length control field 01394 a2200205 4500
020 ## - INTERNATIONAL STANDARD BOOK NUMBER
ISBN 9789390095780
082 ## - DEWEY DECIMAL CLASSIFICATION NUMBER
Classification number 320.954
Item number MOD-
245 ## - TITLE STATEMENT
Title Modi From Vision to Reality/
Sub Title edited by R.K. Pachnanda
260 ## - PUBLICATION, DISTRIBUTION, ETC. (IMPRINT)
Name of publisher Pentagon Press,
Year of publication 2023.
Place of publication New Delhi:
300 ## - PHYSICAL DESCRIPTION
Number of Pages xviii,162p.
Accompanying material 24cm
504 ## - BIBLIOGRAPHY, ETC. NOTE
Bibliography, etc include index
520 ## - SUMMARY, ETC.
Summary, etc Modi: From Vision to Reality presents a fascinating and incredible narrative of Prime Minister Narendra Modi's inspirational vision, untiring resolve and achievement of a stable and prosperous India and how he has converted his inspirational vision into reality. From economic reforms to healthcare, poverty eradication, women empowerment, environmental sustainability, security, foreign relations and an overall growth in all sectors, this book covers every aspect of PM Modi`s "India First" policies that have brought a great leap forward in the country's development to unimaginable heights.<br/><br/>With contributions from erudite authors in their respective fields, each chapter brings to light the unprecedented accomplishments of a government led by a determined Prime Minister who has rejuvenated and resurged India's unity, development and pride.<br/>
650 ## - SUBJECT ADDED ENTRY--TOPICAL TERM
Topical Term Politics and government
650 ## - SUBJECT ADDED ENTRY--TOPICAL TERM
Topical Term 21st century
650 ## - SUBJECT ADDED ENTRY--TOPICAL TERM
Topical Term Economic policy
650 ## - SUBJECT ADDED ENTRY--TOPICAL TERM
Topical Term Political leadership
650 ## - SUBJECT ADDED ENTRY--TOPICAL TERM
Geographic subdivision India
700 ## - ADDED ENTRY--PERSONAL NAME
Personal name Pachnanda,R.K.
Relator term Editor
942 ## - ADDED ENTRY ELEMENTS (KOHA)
Source of classification or shelving scheme Dewey Decimal Classification
Koha item type Books
Holdings
Withdrawn status Lost status Damaged status Not for loan Home library Current library Date acquired Source of acquisition Cost, normal purchase price Full call number Accession Number Cost, replacement price Price effective from Koha item type
        NASSDOC Library NASSDOC Library 20/03/2024 11 573.99 320.954 MOD- 53928 795.00 20/03/2024 Books